000 01164nam a22003857a 4500
001 0002118
003 KOHA_MİRAKIL
005 20260207001304.0
007 ta
008 090216b2008 tu |||gr||||#||||0|tur |
020 _a9786054030057
040 _aTR-BiSEU
_btur
_cTR-BiSEU
_erda
041 0 _atur
044 _ctu
050 _aD1056
_b.Y56 2008
100 1 _aYılmaz, Fatma.
245 1 _aAvrupa'da ırkçılık ve yabancı düşmanlığı :
_bAB politikalarının etkin(siz)liği/
_cFatma Yılmaz ; Fatma Yılmaz.
264 1 _aAnkara :
_bUSAK
_c2008
300 _a242 sayfa
336 _ametin
_btxt
_2rdacontent
337 _aaracısız
_bn
_2rdamedia
338 _acilt
_bnc
_2rdacarrier
490 1 _aUsak yayınları ;
_v20.
490 1 _aAvrupa Birliği serisi ;
_v6.
500 _aKaynakça var.
650 0 _aAvrupa Birliği.
_96270
650 0 _aIrkçılık.
_96271
650 0 _aYabancı Düşmanlığı.
_96272
650 0 _aKüreselleşme.
_96273
650 0 _aGöç.
_96274
650 0 _aRacism Europe.
_96275
830 1 _aUsak yayınları ;
_v20.
_96276
830 1 _aAvrupa Birliği serisi ;
_v6.
_96277
942 _2lcc
_cBK
999 _c2105
_d2105